| 000 | 00471nam a22001817a 4500 | ||
|---|---|---|---|
| 003 | OSt | ||
| 005 | 20240724112656.0 | ||
| 008 | 240724b |||||||| |||| 00| 0 eng d | ||
| 020 | _a9780935702792 | ||
| 040 |
_aMUST _cMUST |
||
| 082 | _a338.3 LAW 1997 | ||
| 100 |
_aLaws ,Edward A . _919005 |
||
| 245 |
_aEL NINO AND THE PERUVIAN ANCHOVY FISHERY _cEdward A. Laws. |
||
| 300 |
_axi, 58p _bill. _c27cm _eCD |
||
| 504 | _aindexes | ||
| 650 | _2fishing | ||
| 942 |
_2ddc _cO_SHELF |
||
| 999 |
_c9293 _d9293 |
||